000 01069nam a2200301 i 4500
005 20210727153145.0
008 00003022010 mx a gr spa d 0000000000spa00
020 _a9789681636531
040 _aCO-BoRNBP
_bspa
_cCO-BoRNBP
_erda
041 _aspa
100 1 _aBrowne, Anthony
_d1946-
_eautor
245 1 0 _aWilly el tímido
_cAnthony Browne ; traducción Carmen Esteva
250 _aPrimera edición
264 1 _aMéxico
_bFondo de Cultura Económica
_c2010
300 _a[30] páginas
_bilustraciones a color
_c23 cm
336 _atexto
_btxt
_2rdacontent
337 _asin mediación
_bn
_2rdamedia
338 _avolumen
_bnc
_2rdacarrier
490 _aLos especiales de A la orilla del viento
521 _aRecomendado para niños desde los 3 años
534 _tWilly the Wimp
650 1 7 _aÁlbumes infantiles ingleses
_ySiglo XX
_2ARMARC
650 1 7 _aLiteratura infantil inglesa
_ySiglo XX
_2ARMARC
650 1 7 _aSuperación
_vÁlbumes infantiles
_2ARMARC
700 1 _aEsteva, Carmen
_etraductora
942 _2loc
_cBKLIT
084 _aA BRO1
999 _c3340
_d3340